Gelişmekte olan ülkelerde yüksek öğrenim (Record no. 6281)
[ view plain ]
| 000 -BAŞLIK | |
|---|---|
| Sabit Uzunlukta Kontrol Alanı | 00705na a2200217 4500 |
| 001 - KONTROL NUMARASI | |
| Denetim Alanı | 19716 |
| 003 - KONTROL NUMARASI IDENTIFIER | |
| Denetim Alanı | MIRAKIL |
| 005 - SON İŞLEM TARİHİ VE ZAMANI | |
| Denetim Alanı | 20181213155102.0 |
| 008 - SABİT-BOY VERİ ELEMANLARI - GENEL BİLGİLER | |
| Sabit Uzunlukta Kontrol Alanı | 161226b tu 000 0 |
| 040 ## - KATALOGLAMA KAYNAK | |
| Orijinal Kataloglama Ajansı | Milas |
| Kataloglama Dili | tur |
| Metne Dönüştürmek Ajansı | TR-AnCHP |
| 041 ## - DİL KODU | |
| Metin / Ses Parça Veya Ayrı Başlığın Dil Kodu | tur |
| 082 ## - DEWEY ONLU SINIFLANDIRMA NUMARASI | |
| Sınıflandırma Numarası | 378 |
| Ürün Numarası | G34 2000 |
| 090 ## - SINIFLAMA NUMARASI | |
| Sınıflama Numarası | 378 G34 2000 |
| 245 ## - BAŞLIK TABLOSU | |
| Başlık | Gelişmekte olan ülkelerde yüksek öğrenim |
| Başlığın Kalan | sorunlar ve çözüm önerileri |
| Sorumluluk Tablosu, Vb | Yüksek öğrenim ve Toplum Çalışma Gurubu |
| 246 ## - UNVAN FORM VARYING | |
| Başlık Doğru / Kısa Başlığı | sorunlar ve çözüm önerileri |
| 260 ## - YAYIN, DAĞITIM, VB | |
| Yayın, Dağıtım, Vb Yeri | [y. y.] |
| Yayıncı, Dağıtıcı, Vs Adı | Yüksek öğrenim ve Toplum Çalışma Gurubu |
| Yayın, Dağıtım, Vb Tarihi | 2000 |
| 300 ## - FİZİKSEL TANIM | |
| Kapsam | 135 s. |
| Boyutlar | 29 sm. |
| 500 ## - GENEL NOT | |
| Genel Not | Kaynakça var. |
| 710 ## - KATMA GİRİŞ - KURUMSAL ADI | |
| Giriş Elemanı Olarak Kurumsal Ad Veya Yargı Alanı Adı | Yüksek öğrenim ve Toplum Çalışma Gurubu |
| 942 ## - EKLENDİ GİRİŞ ELEMANLARI (KOHA) | |
| Sınıflandırma Veya Raf Düzeni Kaynak | Dewey Decimal Classification |
| Koha Öğesi Türü | Books |
| 999 ## - SİSTEM KONTROL NUMARALARI (KOHA) | |
| Koha Biblionumber | 6281 |
| Koha Biblioitemnumber | 6281 |
| Kalıcı Konum | Mevcut Konum | Edinme Tarihi | Edinim Kaynak | Toplam Check-Out'Lar | Tam Çağrı Numarası | Barkod | Tarih Son Görülme | İtibaren Geçerli Fiyatlar | Koha Öğesi Türü |
|---|---|---|---|---|---|---|---|---|---|
| CHP Kütüphanesi | CHP Kütüphanesi | 12/26/2016 | Bağış | 378 G34 2000 | 010820 | 12/26/2016 | 12/26/2016 | Books |
